LEADER 01293nam a2200289 i 4500 001 000000146641 003 CaOOAMICUS 005 20060120000000.0 008 060120s2000 it u000 u ita u 013 $a123454 020 $a88-8227-073-4 040 $aSeMil$bita 100 1 $aDurrwell, François-Xavier,$d<1912- >.$0(OLS)http://semarc/name/19664 245 10$aEucaristia ed evangelizzazione :$bAlle origini della vocazione apostolica di tutta la chiesa /$cFrançois-Xavier Durrwell. 260 $aMagnano :$bQiqajon,$c2000. 300 $a116 p. ;$c19 cm. 490 0 $aLiturgia e vita 650 4$aEucaristia.$0(OLS)http://semarc/subject/3487 650 4$aEvangelizzazione.$0(OLS)http://semarc/subject/670 650 4$aEucaristia e evangelizzazione.$0(OLS)http://semarc/subject/28698 830 0$aLiturgia e vita.$0(OLS)http://semarc/title/424526 850 $aSeMil 852 $aSeMil$W1$xVenegono$y1$m2D I 208$j99277$B99277$CSeMilBibl$Z2$F107720 $81 961 $aCambio: Scuola Cattolica 996 $6020$a88-8227-073-4$9(OLS)http://semarc/number/135204 996 $6245$aEucaristia ed evangelizzazione :$bAlle origini della vocazione apostolica di tutta la chiesa$9(OLS)http://semarc/title/214429 996 $6260$aMagnano :$bQiqajon$9(OLS)http://semarc/publisher/32326 LEADER 02552nam a2200481 i 4500 001 000000247925 003 CaOOAMICUS 005 20160405000000.0 008 160405s2015 it u000 u ita u 013 $a226830 020 $a978-88-343-3071-5 040 $aSeMil$bita 245 10$aAgostino Casaroli :$blo sguardo lungo della Chiesa /$ca cura di Antonio G. Chizzoniti. 260 $aMilano :$bVita e Pensiero,$ccopyr. 2015. 300 $aXVI, 200 p. ;$c22 cm. 490 0 $aV&P Università. Storia. Ricerche ;$v. 600 14$aCasaroli, Agostino .$0(OLS)http://semarc/subject/21341 650 4$aConcordato del Laterano <1929> - Revisione.$0(OLS)http://semarc/subject/6266 650 4$aConcordato del Laterano <1984>.$0(OLS)http://semarc/subject/42788 700 1 $aChizzoniti, Antonio Giuseppe,$d<1960- >.$0(OLS)http://semarc/name/15124 774 0 $tAgostino Casaroli e l'Università Cattolica del Sacro Cuore.$w()326043 774 0 $tAgostino Casaroli diplomatico.$w()326044 774 0 $tCasaroli e l'America Latina.$w()326045 774 0 $tNote su Casaroli e l'azione della Santa Sede nei Paesi comunisti.$w()326046 774 0 $tSanta Sede e la conferenza sulla Sicurezza e la Cooperazione in Europa di Helsinki.$w()326047 774 0 $tCasaroli Gorbaciov e il 1989.$w()326048 774 0 $tCasaroli e la revisione del Concordato lateranense.$w()326049 774 0 $tScenario politico e culturale della revisione.$w()326050 774 0 $tCattolici italiani e la riforma concordataria del 1984.$w()326051 774 0 $tCasaroli, Berlinguer, la riforma del concordato.$w()326052 774 0 $tC.E.I. e la revisione del Concordato.$w()326053 774 0 $tA. Casaroli per la chiesa del Terzo millennio.$w()326054 774 0 $tCasaroli, la Chiesa e l'apertura al mondo.$w()326055 774 0 $tEuropa e la missione della Chiesa.$w()326056 774 0 $tAmerica Latina e il Rinnovamento della Chiesa voluto da Papa Francesco.$w()326057 774 0 $tChiesa in cammino con le nuove generazioni.$w()326058 830 0$aStoria. Ricerche ;$v.$0(OLS)http://semarc/title/9818 850 $aSeMil 852 $aSeMil$W1$xVenegono$y1$m3A V 311$j198271$B198271$CSeMilBibl$Z2$F210270 $81 961 $aOmaggio: Bressan don Luca 996 $6020$a978-88-343-3071-5$9(OLS)http://semarc/number/257422 996 $6245$aAgostino Casaroli :$blo sguardo lungo della Chiesa$9(OLS)http://semarc/title/349982 996 $6260$aMilano :$bVita e Pensiero$9(OLS)http://semarc/publisher/29642 LEADER 01002nam a2200229 i 4500 001 000000197069 003 CaOOAMICUS 005 20110207000000.0 008 110207s1935 it u000 u ita u 013 $a175755 040 $aSeMil$bita 100 1 $aReina, Primo.$0(OLS)http://semarc/name/24744 245 13$aLa grande preghiera :$bnote illustrative su la Santa Messa pei fedeli di Rito Ambrosiano /$cSac. Dott. Primo Reina. 250 $a2. ed. riveduta e ampliata. 260 $aMilano :$bBeato Angelico,$c1935. 300 $a170 p., [14] p. di tav. ;$c20 cm. 500 $aContiene : Appendici. 650 4$aMessa - Commentari e studi.$0(OLS)http://semarc/subject/2736 850 $aSeMil 852 $aSeMil$W1$xVenegono$y1$m3K II 200$j147628$B147628$CSeMilBibl$Z2$F159124 $81 996 $6245$aLa grande preghiera :$bnote illustrative su la Santa Messa pei fedeli di Rito Ambrosiano$9(OLS)http://semarc/title/284514 996 $6260$aMilano :$bBeato Angelico$9(OLS)http://semarc/publisher/31806 LEADER 00995nam a2200241 i 4500 001 000000197807 003 CaOOAMICUS 005 20110221000000.0 008 110221s1971 it u000 u ita u 013 $a176495 040 $aSeMil$bita 100 1 $aBarber, William Joseph.$0(OLS)http://semarc/name/71583 240 12$aA history of economic thought.$0(OLS)http://semarc/title/160145 245 10$aStoria del pensiero economico /$cWilliam J. Barber. 260 $aMilano :$bFeltrinelli,$c1971. 300 $a263 p. ;$c19 cm. 490 0 $aUniversale economica Feltrinelli ;$v639 650 4$aEconomia - Teorie - Storia.$0(OLS)http://semarc/subject/1044 830 0$aUniversale economica ;$v639.$0(OLS)http://semarc/title/11224 850 $aSeMil 852 $aSeMil$W1$xVenegono$y1$m3L I 165$j148363$B148363$CSeMilBibl$Z2$F159782 $81 996 $6245$aStoria del pensiero economico$9(OLS)http://semarc/title/94361 996 $6260$aMilano :$bFeltrinelli$9(OLS)http://semarc/publisher/30237 LEADER 01169nam a2200277 i 4500 001 000000106690 003 CaOOAMICUS 005 20020910000000.0 008 020910s1999 it u000 u ita u 013 $a78884 020 $a88-8025-202-X 040 $aSeMil$bita 100 1 $aBelci, Corrado.$0(OLS)http://semarc/name/10675 245 10$aBenigno Zaccagnini :$bun riformista con l'animo del rivoluzionario /$cCorrado Belci. 260 $aMilano :$bCentro Ambrosiano,$ccopyr. 1999. 300 $a87 p. ;$c19 cm. 490 0 $aProtagonisti del nostro tempo ;$v9 500 $aContiene : Bibliografia. 650 4$aZaccagnini, Benigno.$0(OLS)http://semarc/subject/18570 830 0$aProtagonisti del nostro tempo ;$v9.$0(OLS)http://semarc/title/444 850 $aSeMil 852 $aSeMil$W1$xVenegono$y1$m3N II 413$j62805$B62805$CSeMilBibl$Z2$F72119 $81 961 $aAcquisto: Mescat 996 $6020$a88-8025-202-X$9(OLS)http://semarc/number/87471 996 $6245$aBenigno Zaccagnini :$bun riformista con l'animo del rivoluzionario$9(OLS)http://semarc/title/154775 996 $6260$aMilano :$bCentro Ambrosiano$9(OLS)http://semarc/publisher/29766 LEADER 01539nam a2200313 i 4500 001 000000109731 003 CaOOAMICUS 005 20021113000000.0 008 021113s1992 it u000 u ita u 013 $a82411 020 $a88-384-1755-5 040 $aSeMil$bita 100 1 $aNitrola, Antonio,$d<1958- >.$0(OLS)http://semarc/name/2648 245 12$aL'Eucaristia forza dell'unità :$bla dimensione escatologica dell'eucaristia nel dialogo tra cattolici e protestanti /$cAntonio Nitrola ; presentazione di P.J. Rosato. 260 $aCasale Monferrato (AL) :$bPiemme,$c1992. 300 $a278 p. ;$c23 cm. 490 0 $aStudi e ricerche. Nuova serie 500 $aContiene : Bibliografia. - Fondo Card. C.M. Martini. 650 4$aEucaristia - Ecumenismo.$0(OLS)http://semarc/subject/10958 650 4$aEucaristia - Escatologia - Ecumenismo.$0(OLS)http://semarc/subject/19444 700 1 $aRosato, Philip J. .$0(OLS)http://semarc/name/43921 830 0$aStudi e ricerche. Nuova serie.$0(OLS)http://semarc/title/10449 850 $aSeMil 852 $aSeMil$W1$xVenegono$y1$m2K IV 4$j65680$B65680$CSeMilBibl$Z2$F91057 $81 941 1 $a4 961 $aOmaggio: Martini Card. Carlo Maria 996 $6020$a88-384-1755-5$9(OLS)http://semarc/number/91201 996 $6245$aL'Eucaristia forza dell'unità :$bla dimensione escatologica dell'eucaristia nel dialogo tra cattolici e protestanti$9(OLS)http://semarc/title/159352 996 $6260$aCasale Monferrato (AL) :$bPiemme$9(OLS)http://semarc/publisher/30052 LEADER 02032nas a2200493 i 4500 001 000000111063 003 CaOOAMICUS 005 20070517000000.0 008 050208b2006 it uu u0 0ita r 013 $a83744 040 $aSeMil$bita 245 10$a[2005-2006]. 260 $aMilano :$bITL,$c2005-2006. 300 $a1 v. (varie sequenze) :$bill. ;$c28 cm + [3] allegati. 500 $aContiene : Inserti centrali. - In Allegato : Inserti redazionali. 773 0 $tFiaccola.$dMilano : [s.n.], 1927.$w()2284 774 0 $t[GENNAIO 2005]. - 32 p.$w()259802 774 0 $t[FEBBRAIO 2005]. - 32 p.$w()259803 774 0 $t[MARZO 2005]. - 32 p.$w()260376 774 0 $t[APRILE 2005]. - 32 p.$w()260938 774 0 $t[MAGGIO 2005]. - 33 p.$w()261430 774 0 $t[GIUGNO-LUGLIO 2005]. - 33 p.$w()261937 774 0 $tSogno di Dio.$w()261938 774 0 $t[AGOSTO-SETTEMBRE 2005]. - 7, 33 p. - Contiene.$w()262240 774 0 $tRisplenda la vostra luce.$w()262241 774 0 $t[OTTOBRE 2005]. - 33 p.$w()262812 774 0 $t[DICEMBRE 2005]. - 33 p.$w()263229 774 0 $t[NOVEMBRE 2005]. - 33 p.$w()263094 774 0 $tLuce dal fronte.$w()263564 774 0 $t80 anni di storia. - 33 p. - Titolo principale dalla copertina.$w()263379 774 0 $tBiraghi beato.$w()264009 774 0 $tGrande famiglia di don Luigi Monza. - 33 p. - Titolo dalla copertina.$w()263764 774 0 $tVia della gioia.$w()264415 774 0 $tPreti 2006.$w()264183 774 0 $tPreti per il futuro della Chiesa.$w()264911 774 0 $tIn questo sta l'amore.$w()264912 774 0 $tSeminaristi in città.$w()265316 774 0 $tDon Peppino nuovo rettore ; Terra Santa.$w()265260 774 0 $tNatale.$w()265466 850 $aSeMil 852 $aSeMil$W1$xVenegono$y1$m224 6 26$j66898$B66898$CSeMilBibl$Z2$F123369 $85 961 $aOmaggio: Seminario Arcivescovile di Milano 996 $6245$a[2005-2006]$9(OLS)http://semarc/title/143660 996 $6260$aMilano :$bITL$9(OLS)http://semarc/publisher/30648